ბათუმის შოთა რუსთაველის სახელმწიფო უნივერსიტეტის ბიბლიოთეკა

თხზულებანი ორ ტომად ტ.1. ლექსები, პოემა (ბიბ.ჩანაწერი № 47768)

000 -LEADER
fixed length control field 00678nam a2200205Ia 4500
001 - CONTROL NUMBER
control field 14642
003 - CONTROL NUMBER IDENTIFIER
control field GE_BSU
008 - FIXED-LENGTH DATA ELEMENTS--GENERAL INFORMATION
fixed length control field 181216s||||||||xx |||||||||||||| ||und||
020 ## - INTERNATIONAL STANDARD BOOK NUMBER
International Standard Book Number 5529008852
040 ## - CATALOGING SOURCE
Transcribing agency GE_BSU
100 ## - MAIN ENTRY--PERSONAL NAME
Personal name ნიშნიანიძე,შოთა
245 ## - TITLE STATEMENT
Title თხზულებანი ორ ტომად ტ.1. ლექსები, პოემა
245 ## - TITLE STATEMENT
Statement of responsibility, etc. წინასიტყვ.ავტ.ჯ.ღვინჯილია
260 ## - PUBLICATION, DISTRIBUTION, ETC.
Place of publication, distribution, etc. თბილისი
260 ## - PUBLICATION, DISTRIBUTION, ETC.
Name of publisher, distributor, etc. საქართველო
260 ## - PUBLICATION, DISTRIBUTION, ETC.
Date of publication, distribution, etc. 1990-1991
300 ## - PHYSICAL DESCRIPTION
Extent 413გვ.20სმ.
653 ## - INDEX TERM--UNCONTROLLED
Uncontrolled term ლექსები, პოემა
942 ## - ADDED ENTRY ELEMENTS (KOHA)
Koha item type წიგნი
ეგზემპლარები
Withdrawn status Lost status Damaged status Not for loan Date acquired Barcode Date last seen Price effective from Koha item type
        2018-12-17 37697 2018-12-17 2018-12-17 წიგნი